Statistiques concernant Les noms des établissements scolaires en France - 6

Cliquez ici pour prendre le quiz!

Statistiques générales

  • Ce quiz a été pris 16 fois
  • Le résultat moyen est 16 sur 50

Statistiques - réponses

NombreDatesIndicesNom% Correct
51920-1959Musicien - EcrivainBoris {Vian}
86%
321918-2013Sud-Africain - Président - Prix Nobel de la PaixNelson {Mandela}
86%
51908-1986Philosophe - Le 2e sexeSimone de {Beauvoir}
86%
211913-2008Poète - Homme politique - La tragédie du roi ChristopheAimé {Césaire}
71%
981913-1960Ecrivain - Nobel de littérature - La PesteAlbert {Camus}
71%
61906-1975Américaine - Meneuse de revue - RésistanteJoséphine {Baker}
71%
761912-2007Résistante - RaymondLucie {Aubrac}
71%
51914-2012Résistant - IngénieurRaymond {Aubrac}
71%
171913-2005Américaine - Militante anti-ségrégationRosa {Parks}
64%
181916-1996Avocat - Résistant - PrésidentFrançois {Mitterrand}
57%
3741900-1977Poète - Dialoguiste - ParolesJacques {Prévert}
57%
551910-1997Officier de marine - Océanographe - AcadémicienJacques-Yves {Cousteau}
57%
71917-1963Américain - PrésidentJohn Fitzgerald {Kennedy}
57%
51903-1976Ecrivain - Zazie dans le métroRaymond {Queneau}
57%
1281908-1988Pédiatre - Psychanaliste - CarlosFrançoise {Dolto}
50%
171911-1974Professeur - Président - Mort en fonctionsGeorges {Pompidou}
50%
61907-1982Réalisateur - M. HulotJacques {Tati}
50%
51906-2001Sénégalais - Poète - Homme politiqueLéopold Sedar {Senghor}
50%
61902-1967Ecrivain - La jument verteMarcel {Aymé}
43%
501901-1976Ecrivain - Homme politique - La Voie royaleAndré {Malraux}
36%
281908-1934Aviatrice - Morte dans un accident de volHélène {Boucher}
36%
141902-1947Maréchal de France - Koufra - StrasbourgPhilippe Leclerc de {Hautecloque}
36%
61907-1988Poète - Résistant - Le marteau sans maîtreRené {Char}
36%
191904-1973Chilien - Ecrivain - DiplomatePablo {Neruda}
29%
331912-1994Photographe - Grand Prix de la Photographie - Baiser de l'hôtel de villeRobert {Doisneau}
29%
81907-2008Ethnologue - Résistante - PanthéonGermaine {Tillion}
21%
121912-1971Comédien - Metteur en scène - TNPJean {Vilar}
21%
111900-1964Secrétaire général du PC - Mort en mer NoireMaurice {Thorez}
21%
301907-1982Avocat - Résistant - Président du conseilPierre {Mendès-France}
21%
181907-1995Explorateur polaire - Erivain - Les survivants du GroenlandPaul-Emile {Victor}
14%
191902-1941Journaliste - Homme politique - FusilléGabriel {Péri}
7%
61901-1941Officier - Résistant - Compagnon de la LibérationHonoré d'{Estienne d'Orves}
7%
111910-1942Ecrivain - Résistant - FusilléJacques {Decour}
7%
491901-1936Aviateur - Aéropostale - ArchangeJean {Mermoz}
7%
1011904-1944Avocat - Homme politique - Au PanthéonJean {Zay}
7%
91905-1971Ingénieur - Résistant - AcadémicienLouis {Armand}
7%
91914-1995Ecrivain - Breton - Le cheval d'orgueilPierre Jakez {Hélias}
7%
71918-1988Résistant - Compagnon de la Libération - MinistreAlain {Savary}
0%
61915-1978Homme politique - Compagnon de la LibérationAndré {Boulloche}
0%
431909-1943Militante - Résistante - DéportéeDanielle {Casanova}
0%
71910-1964Artiste peintre - Art brutGaston {Chaissac}
0%
191920-1951Poète - Instituteur - Les biens de ce mondeGuy {Cadou}
0%
101917-2000Pilote d'essai - Belle-fille de VincentJacqueline {Auriol}
0%
51908-1942Physicien - Résistant - FusilléJacques {Solomon}
0%
51904-1944Résistant - Mort pour la FranceLouis {Torcatis}
0%
61900-1982Romancier - Contes en sabotsLudovic {Massé}
0%
71911-1962Instituteur - AssassinéMaxime {Marchand}
0%
631903-1944Homme politique - Résistant - Au PanthéonPierre {Brossolette}
0%
141913-1944Institutrice - Résistante - Torturée à mortSuzanne {Lanoy}
0%
61902-2000Naturaliste - ExplorateurThéodore {Monod}
0%

Distribution des résultats

Percentile par nombre de réponses

% des personnes avec chaque résultat

Votre développement - résultats

Vous n’avez pas pris ce quiz